[Event "10th Mumbai Mayors Cup 2017"]
[Site "Mumbai"]
[Date "2017.06.11"]
[Round "10"]
[White "Nguyen, Duc Hoa"]
[Black "Neelotpal, Das"]
[Result "1-0"]
[WhiteElo "2477"]
[BlackElo "2438"]
[Annotator "TA"]
[PlyCount "99"]
[EventDate "2017.06.04"]
[EventType "swiss"]
[EventCountry "IND"]
[SourceTitle "playchess.com"]
[Source "ChessBase"]
[SourceQuality "1"]

{[%evp 16,99,0,-6,35,40,33,37,44,37,36,20,30,28,123,81,104,97,108,100,120,112,101,121,130,89,86,93,149,150,134,137,134,136,144,139,174,165,177,166,173,173,173,173,177,181,161,118,207,201,202,203,216,197,233,217,355,349,346,344,372,362,349,353,437,435,425,420,422,410,489,455,426,409,658,649,608,618,625,604,1917,1899,2118,1910,1682,1696]} 1. d4 Nf6 2. c4 e6 3. Nf3 d5 4. g3 Be7 5. Bg2 O-O 6. O-O dxc4 7. Ne5 Nc6 8. Nxc6 bxc6 9. Na3 {[%cal Bb1a3,Ba3c4,Bc4e5][%mdl 32] LiveBook: 236 Games} Ba6 {E05: Open Catalan: 5 Nf3 Be7} (9... Bxa3 $5 10. bxa3 Ba6 $15) (9... Bxa3 10. bxa3 Ba6 11. Qd2 Rb8 12. Qa5 Rb6 13. a4 Qd6 14. Qc3 Rd8 15. Ba3 Qxd4 16. Qxd4 Rxd4 17. Bc5 Rd5 18. Bxd5 cxd5 19. Bxb6 axb6 {½-½ (33) Wojtaszek,R (2746)-Jakovenko,D (2714) Germany 2016}) 10. Qa4 $1 {[%cal Ra4a6]} Qc8 $146 ({Predecessor:} 10... Bb5 11. Nxb5 cxb5 12. Qxb5 Rb8 13. Qxc4 Rb4 14. Qc2 Qxd4 15. Qxc7 Bd6 16. Qc2 Be5 17. Rb1 {1-0 (25) Szymczak,Z (2325)-Spyra,W (2225) Karvina 1992}) 11. Nxc4 ({But not} 11. Qxc6 Rb8 $17) 11... Nd5 {White is slightly better.} 12. Bd2 Rb8 13. b3 Rd8 14. Rfc1 Nb4 (14... Nb6 $11 {remains equal.} 15. Nxb6 axb6 16. Qxc6 Rxd4) 15. a3 $36 {[%mdl 2048] White is really pushing.} Nd5 16. Ne5 $1 {Threatens to win with Bxd5.} Bb5 17. Qa5 Rb6 {And now ...Ra6 would win.} 18. a4 $1 {[%cal Ra4b5]} Ra6 19. axb5 Rxa5 20. Bxa5 cxb5 21. Bxc7 $1 Nxc7 (21... Rf8 $142) 22. Rxa7 $16 Bd6 {[#] Strongly threatening ...Rf8.} ({Not} 22... Rxd4 $2 23. Rcxc7 Qb8 24. Rxe7 $18) 23. Bb7 $1 {[%cal Rb7c8]} Qb8 24. Nc6 $1 {[%csl LRb8,LRd8]} Qxa7 25. Nxa7 b4 26. e4 {Hoping for e5.} Rb8 27. Nc8 Nb5 28. Nxd6 Nxd6 $18 {[%mdl 4096] Endgame KRB-KRN} 29. Bc6 Rc8 {intending ...Nxe4.} 30. Rc5 Kf8 31. f3 Ke7 (31... e5 $16) 32. Kf2 f6 33. Ke3 g5 34. Kd3 Kd8 35. Ba4 e5 (35... Rc7 {was necessary.} 36. Rxc7 Kxc7) 36. Rd5 Rc3+ {[#]} 37. Ke2 $1 Kc7 38. dxe5 fxe5 39. Rxe5 Nb7 40. Rxg5 Nc5 41. Rg7+ Kb6 42. Rxh7 Nxb3 43. Bxb3 Rxb3 {KR-KR} 44. Rd7 Kc5 (44... Ra3 $142 45. h4 b3) 45. e5 {[%cal Be4e5,Be5e6,Be6e7][%mdl 32] White is clearly winning.} Ra3 46. f4 b3 47. Rb7 Kc4 48. e6 Ra2+ 49. Kf3 b2 50. e7 {Precision: White = 93%, Black = 42%.} 1-0

[Event "10th Mumbai Mayors Cup 2017"]
[Site "Mumbai"]
[Date "2017.06.11"]
[Round "10"]
[White "Babujian, Levon"]
[Black "Sauravh, Khherdekar"]
[Result "1-0"]
[WhiteElo "2438"]
[BlackElo "2230"]
[Annotator "TA"]
[PlyCount "159"]
[EventDate "2017.06.04"]
[EventType "swiss"]
[EventCountry "IND"]
[SourceTitle "playchess.com"]
[Source "ChessBase"]
[SourceQuality "1"]

{[%evp 12,159,37,47,74,40,34,45,48,48,48,41,44,32,57,54,50,58,55,54,56,48,55,42,46,39,51,43,75,64,78,48,61,44,60,23,33,30,30,30,30,38,37,0,0,0,0,0,0,0,16,0,0,0,0,0,0,0,0,0,0,0,0,0,0,0,8,0,20,0,0,0,0,0,54,61,419,414,415,405,407,422,392,373,584,536,998,903,921,696,1379,1366,979,1256,1137,929,1380,1395,1062,1039,29959,29963,29963,29963,29964,29964,29961,29964,29966,29967,29964,29963,29968,29967,29960,1334,1293,1239,29979,29979,29979,29975,29977,29976,29978,29979,29981,29982,29981,29979,29979,29979,29979,29980,29980,29980,29980,29981,29981,29982,29982,29983,29985,29986,29985,29986,29991,29992,29992,29986]} 1. e4 e6 2. d4 d5 3. Nc3 Nf6 4. Bg5 Bb4 5. exd5 Qxd5 6. Bxf6 gxf6 7. Nge2 {[%cal Bg1e2,Be2c3,Bc3b5][%mdl 32]} c5 {C12: French: Classical System: McCutcheon Variation} 8. a3 Bxc3+ $1 9. Nxc3 Qxd4 {White is slightly better.} 10. Qxd4 cxd4 11. Nb5 Na6 12. Nxd4 Bd7 $146 ({Predecessor:} 12... Nc5 13. g3 Bd7 14. Bg2 O-O-O 15. O-O-O {½-½ (73) Aveskulov,V (2526)-Vallin,G (2415) France 2009}) 13. Bxa6 bxa6 14. O-O-O a5 15. Rhe1 Rg8 16. g3 Rg5 17. f4 Rh5 18. h4 a4 19. Ne2 Rc5 20. Nc3 {[#] Strongly threatening Ne4.} f5 21. Rd6 Rac8 22. Ra6 R8c7 23. Rd1 Rc4 24. Rd3 Bc6 25. Ra5 Bd7 26. Kd2 Ke7 27. Ke3 Rb7 28. b3 axb3 29. cxb3 Rc8 30. b4 Rbc7 31. Nb5 Bxb5 $1 32. Rxb5 $11 {[%mdl 4096] Endgame KRR-KRR} Kf6 33. Ra5 Kg6 34. Kf3 Rc3 35. Rxc3 Rxc3+ {KR-KR} 36. Kg2 Rc2+ 37. Kh3 Rc7 38. a4 h5 39. Kg2 Kf6 40. Kf2 Ke7 41. Ke3 Rb7 42. b5 Kd6 (42... Rd7 $11) 43. Kd4 $1 $14 Rd7 $2 {[%mdl 8192]} ({Better is} 43... f6 $14) 44. Ra6+ $18 Kc7+ {[#]} 45. Ke5 $1 Kb8 {If only Black now had time for ...Rd3....} 46. Rd6 Rc7 47. Kf6 Kb7 (47... Rc3 $142 48. Kxf7 Re3 49. Rxe6 Rxg3) 48. a5 Rc5 49. Rd7+ Kb8 50. b6 a6 51. Rxf7 Rxa5 52. Kxe6 Rb5 53. Rxf5 Rxb6+ 54. Ke7 Rb7+ 55. Kf8 Rb5 56. Rxb5+ axb5 {K3P-KPP} 57. f5 b4 58. f6 b3 59. f7 b2 60. Kg7 b1=Q 61. f8=Q+ {KQ-KQ} Ka7 62. Qf7+ Ka8 63. Qe8+ (63. Qd5+ $142 Kb8 64. Qxh5 Qb2+ 65. Kh7 Qb7+ 66. Kh6 Qc6+ 67. Qg6 Qc1+ 68. Kh7 Qc7+ 69. Kh8 Qe5+ 70. Kg8) 63... Ka7 64. Qxh5 Qe4 65. Qf7+ {White mates.} Ka8 66. Qf8+ Ka7 67. Qf4 Qd3 68. g4 Ka8 69. Qf8+ Ka7 70. Qf5 Qd4+ 71. Kg6 Qd6+ 72. Qf6 Qd3+ 73. Kg7 Qe4 74. Kh6 Qe3+ 75. g5 {[%cal Bg4g5,Bg5g6,Bg6g7][%mdl 32]} Ka8 76. h5 Qe8 77. g6 Qe3+ 78. Kh7 Qa7+ 79. g7 Qd7 80. Qd8+ {Precision: White = 66%, Black = 50%.} 1-0

[Event "10th Mumbai Mayors Cup 2017"]
[Site "Mumbai"]
[Date "2017.06.11"]
[Round "10"]
[White "Khusenkhojaev, Muhammad"]
[Black "Tukhaev, Adam"]
[Result "1/2-1/2"]
[WhiteElo "2424"]
[BlackElo "2567"]
[Annotator "TA"]
[PlyCount "42"]
[EventDate "2017.06.04"]
[EventType "swiss"]
[EventCountry "IND"]
[SourceTitle "playchess.com"]
[Source "ChessBase"]
[SourceQuality "1"]

{[%evp 9,42,16,22,20,29,20,25,21,27,18,18,18,22,15,33,25,29,16,14,8,11,12,9,5,7,8,4,7,9,0,12,2,7,5,10]} 1. Nf3 Nc6 2. d4 d5 3. Bf4 Bg4 4. e3 e6 5. h3 Bh5 6. c4 {D02: 1 d4 d5 2 Nf3 sidelines, including 2...Nf6 3 g3 and 2...Nf6 3 Bf4} (6. g4 Bg6 7. Bb5 Nge7 8. Ne5 a6 9. Nxg6 Nxg6 10. Bxc6+ bxc6 11. Bg3 Rb8 12. b3 Bd6 13. Nc3 Bxg3 14. fxg3 {½-½ (28) Kunin,V (2584)-Rapport,R (2720) Karlsruhe 2016}) 6... dxc4 7. Bxc4 Bd6 8. Bxd6 {White has an edge.} cxd6 $146 ({Predecessor:} 8... Qxd6 9. Nc3 Nge7 10. O-O O-O 11. Rc1 Nb8 12. g4 Bg6 13. Ne5 c6 {1-0 (25) Danner,G (2363)-Steiner,S (2249) Austria 2013}) 9. d5 exd5 10. Bxd5 Nf6 11. Nc3 O-O 12. O-O Ne5 13. g4 Bg6 $1 {The position is equal.} 14. Nxe5 dxe5 15. Bxb7 Rb8 16. Qxd8 Rfxd8 17. Rfd1 Rxd1+ 18. Rxd1 h5 $1 19. Bg2 hxg4 20. Rd2 gxh3 21. Bxh3 Ne4 {Precision: White = 65%, Black = 86%.} 1/2-1/2

[Event "10th Mumbai Mayors Cup 2017"]
[Site "Mumbai"]
[Date "2017.06.11"]
[Round "10"]
[White "Laxman, R R"]
[Black "Dahale, Atul"]
[Result "1-0"]
[WhiteElo "2421"]
[BlackElo "2080"]
[Annotator "TA"]
[PlyCount "91"]
[EventDate "2017.06.04"]
[EventType "swiss"]
[EventCountry "IND"]
[SourceTitle "playchess.com"]
[Source "ChessBase"]
[SourceQuality "1"]

{[%evp 13,91,0,-4,-12,-13,-22,18,17,35,21,28,6,54,52,51,58,77,74,108,104,107,77,88,95,91,91,115,111,101,87,91,111,88,54,54,47,64,39,35,37,88,91,87,95,138,89,84,83,83,81,106,75,116,109,313,305,311,291,277,254,347,340,343,318,399,385,330,326,317,231,443,424,521,534,545,536,512,463,854,854]} 1. d4 Nf6 2. c4 e6 3. Nc3 Bb4 4. e3 O-O 5. Nge2 Re8 6. a3 Bf8 7. Ng3 d5 8. cxd5 {E46: Nimzo-Indian: Rubinstein: 4 e3 0-0 5 Ne2 without early Bd3} (8. Be2 b6 9. cxd5 exd5 10. b4 Bb7 11. O-O Nbd7 12. Qb3 c6 13. Bf3 a6 14. Rd1 b5 15. e4 Nb6 {0-1 (51) Gupta,A (2627)-Wei,Y (2725) Liaocheng 2017}) 8... exd5 9. Be2 c5 10. dxc5 {The position is equal.} Bxc5 11. O-O Nc6 12. b4 Bb6 13. Na4 $146 ({Predecessor:} 13. b5 Ne5 14. Na4 Bc7 15. Bb2 b6 {0-1 (45) Djurhuus,R (2402)-Hauge,L (2386) Tromsoe 2016}) 13... Bc7 14. Bb2 Ne4 15. Rc1 Be5 16. Bxe5 Nxe5 17. Bb5 Rf8 18. Qd4 Nxg3 19. hxg3 Ng6 20. Rfd1 {[%cal Bf1d1,Bd1d5,Bd5d7][%mdl 32]} Be6 21. e4 dxe4 22. Qxe4 Qg5 23. Nc5 Bg4 24. f4 ({Don't play} 24. Qxb7 Bxd1 25. Rxd1 Rfd8 $17) 24... Qf6 25. Rd5 b6 26. Nd7 Bxd7 (26... Qe7 $14 27. Qxe7 Nxe7) 27. Rxd7 $16 Qb2 28. Qe3 $36 {[%mdl 2048] White is on the roll.} Rad8 29. Qc3 Qxc3 30. Rxc3 Rxd7 31. Bxd7 {[%mdl 4096] Endgame KRB-KRN} Rd8 32. Rc7 Nf8 33. Bb5 Rd5 $2 {[#]} (33... a5 $16) 34. Be8 $18 Rf5 35. Rxa7 g5 36. fxg5 Ne6 37. g4 Rf4 38. Rb7 Nxg5 39. Rxb6 Rxg4 40. a4 {[%cal Ba3a4,Ba4a5,Ba5a6][%mdl 32]} Nf3+ 41. Kf1 Nd2+ $2 (41... Nd4 42. Kf2 Nc2) 42. Kf2 {White is clearly winning.} Ne4+ 43. Kg1 Nc3 44. Rb8 {[#] aiming for Bd7+.} Kg7 45. a5 Nd5 (45... Rf4 $142 46. g3 Re4) 46. a6 {Precision: White = 79%, Black = 36%.} 1-0

[Event "10th Mumbai Mayors Cup 2017"]
[Site "Mumbai"]
[Date "2017.06.11"]
[Round "10"]
[White "Raghunandan, Kaumandur Srihari"]
[Black "Arvind, Shastry"]
[Result "1/2-1/2"]
[WhiteElo "2410"]
[BlackElo "2190"]
[Annotator "TA"]
[PlyCount "81"]
[EventDate "2017.06.04"]
[EventType "swiss"]
[EventCountry "IND"]
[SourceTitle "playchess.com"]
[Source "ChessBase"]
[SourceQuality "1"]

{[%evp 14,81,31,31,42,52,47,40,44,39,43,40,54,46,49,35,51,36,45,27,50,57,96,97,95,99,82,88,87,85,104,104,105,108,101,81,125,112,96,91,89,84,101,81,97,11,9,22,54,1,1,3,12,2,6,0,0,0,8,0,0,0,12,0,1,0,34,0,0,0]} 1. d4 Nf6 2. Nf3 e6 3. c4 Bb4+ 4. Bd2 Qe7 5. g3 O-O 6. Bg2 Bxd2+ 7. Qxd2 d5 8. O-O {LiveBook: 160 Games} c5 {E11: Bogo-Indian} 9. cxd5 exd5 10. dxc5 Qxc5 {White is slightly better.} 11. Nc3 Nc6 12. Rac1 Be6 13. Rfd1 Rac8 {[#]} 14. a3 $146 ({Predecessor:} 14. Nd4 Qb6 15. Nxc6 Rxc6 16. Na4 {½-½ (38) Khairullin,I (2631)-Zvjaginsev,V (2683) Tyumen 2012}) 14... Qe7 15. h3 h6 16. Kh2 Rfe8 17. Nd4 Ne5 18. Nxe6 fxe6 {[#]} 19. e4 $1 dxe4 20. Nxe4 Rxc1 21. Rxc1 Rd8 22. Nxf6+ Qxf6 23. Qe2 b6 24. b4 Rf8 25. f4 Ng6 26. Rc6 Re8 27. Bd5 {[%cal Rc6e6]} Nf8 28. Bb3 Kh8 29. Qe5 (29. h4 $16) 29... Qxe5 $11 30. fxe5 {[%mdl 4096] Endgame KRB-KRN} Ng6 31. Bxe6 (31. Rc7 $14) 31... Nxe5 32. Rd6 g5 33. Kg2 Kg7 34. Bb3 Re7 35. Kf2 Nf7 36. Rc6 (36. Bxf7 $5 Rxf7+ 37. Ke3 $11) 36... Ne5 37. Rd6 Nf7 38. Rd5 (38. Bxf7 $5 Rxf7+ 39. Ke3 $11) 38... Ne5 39. Rd6 Nf7 40. Rd3 (40. Bxf7 $5 Rxf7+ 41. Ke3 $11) 40... Ne5 41. Rd6 {Precision: White = 49%, Black = 51%.} 1/2-1/2

[Event "10th Mumbai Mayors Cup 2017"]
[Site "Mumbai"]
[Date "2017.06.11"]
[Round "10"]
[White "Das, Sayantan"]
[Black "Shelke Sankarsha"]
[Result "1-0"]
[WhiteElo "2401"]
[BlackElo "2165"]
[Annotator "TA"]
[PlyCount "79"]
[EventDate "2017.06.04"]
[EventType "swiss"]
[EventCountry "IND"]
[SourceTitle "playchess.com"]
[Source "ChessBase"]
[SourceQuality "1"]

{[%evp 26,79,19,8,38,38,49,44,78,65,67,63,85,95,114,81,86,46,78,43,43,43,72,16,11,16,52,-106,-114,-170,-152,-146,-151,-123,-74,-137,-113,-116,-123,-119,-52,-43,41,33,566,556,547,547,928,907,29993,29994,29994,1053,29995,29996]} 1. e4 e5 2. Nf3 Nc6 3. Bb5 {[%cal Bf1b5,Bb5a4,Ba4b3][%mdl 32]} a6 4. Ba4 Nf6 5. O-O Be7 6. Re1 b5 7. Bb3 d6 8. c3 O-O 9. h3 Nb8 10. d4 Nbd7 11. a4 Bb7 12. Bc2 Re8 13. Nbd2 {[%cal Bb1d2,Bd2b3,Bb3a5][%mdl 32]} Bf8 14. b4 c6 {C95: Closed Ruy Lopez: Breyer Variation with 10 d4} (14... g6 15. d5 c6 16. c4 Qc7 17. dxc6 Bxc6 18. Ba3 Nb6 19. cxb5 axb5 20. a5 Nbd7 21. Bb3 Qb7 22. Qc2 d5 23. Rac1 Rac8 24. Qa2 Bh6 25. g4 Bf4 {0-1 (46) Wei,Y (2700)-Mamedyarov,S (2750) China 2016}) 15. Nb3 Rc8 16. Bd2 $146 ({Predecessor:} 16. c4 exd4 17. c5 dxc5 18. bxc5 Nxc5 19. Nxc5 Bxc5 20. e5 Bb4 21. exf6 Bxe1 22. Nxe1 Qxf6 {1-0 (37) Aguera Naredo,J (2275)-Vega Viejo,M Asturias 1993}) 16... Nb6 {White is slightly better.} 17. axb5 cxb5 18. Na5 Ba8 19. d5 Nfd7 20. Bd3 Be7 21. Qb3 {Strongly threatening c4.} ({Of course not} 21. Nc6 $6 Bxc6 22. dxc6 Nb8 $11) 21... Qc7 $1 22. Rec1 {c4 is the strong threat.} Nc4 23. Qc2 f5 24. Bg5 (24. exf5 $16 {Threatening Nxc4.} Nxd2 25. Qxd2) 24... Bxg5 $11 25. Nxg5 Nf6 26. f3 $2 (26. exf5 $14 {keeps the upper hand.} Nxa5 27. Rxa5) 26... Qb6+ $17 27. Qf2 (27. Kh2 $17 {was necessary.}) 27... Qxf2+ $19 28. Kxf2 h6 29. Ne6 fxe4 30. fxe4 (30. Nxc4 $142 bxc4 31. Bxe4 Bxd5 32. Bxd5 Nxd5 33. Rd1 Nxc3 34. Rxd6) 30... Nd2 31. Ke3 {[#]} Ndxe4 $1 {[%mdl 512]} 32. Bxe4 Nxd5+ (32... Bxd5 $17 33. Bxd5 Nxd5+ 34. Ke4 Nf6+ 35. Kf5 Nd7 36. Nxg7 Kxg7) 33. Kd2 $1 $15 {Black must now prevent c4.} Nb6 ({Black should play} 33... Rxe6 $15 34. Bf5 Nc7) 34. Bf5 $14 Nc4+ $2 {[%mdl 8192]} ({Black should try} 34... Kf7 $14) 35. Nxc4 $18 Rxc4 36. Rxa6 Bxg2 37. Rg1 Be4 38. Rxg7+ Kh8 39. Rh7+ Kg8 40. Raa7 {Precision: White = 51%, Black = 38%.} 1-0

[Event "10th Mumbai Mayors Cup 2017"]
[Site "Mumbai"]
[Date "2017.06.11"]
[Round "10"]
[White "Navalgund, Niranjan"]
[Black "Karthikeyan, P.."]
[Result "0-1"]
[WhiteElo "2351"]
[BlackElo "2502"]
[Annotator "TA"]
[PlyCount "156"]
[EventDate "2017.06.04"]
[EventType "swiss"]
[EventCountry "IND"]
[SourceTitle "playchess.com"]
[Source "ChessBase"]
[SourceQuality "1"]

{[%evp 24,156,16,16,21,18,81,45,97,73,63,0,0,0,0,0,0,0,-15,-27,-6,-21,-12,-8,0,-39,-31,-54,-26,-40,-35,-110,-107,-106,-114,-95,-103,-109,-105,-110,-115,-105,-119,-155,-112,-158,-136,-146,-136,-135,-123,-127,-117,-116,-112,-258,-253,-232,-238,-238,-225,-307,-306,-308,-267,-276,-274,-289,-268,-261,-235,-334,-317,-309,-254,-254,-227,-258,-247,-242,-225,-303,-272,-289,-291,-281,-257,-237,-223,-429,-421,-450,-427,-445,-449,-440,-427,-538,-519,-679,-677,-675,-610,-732,-729,-1124,-970,-12839,-12839,-6145,-587,-1643,-1574,-1548,-1531,-1275,-907,-862,-796,-1545,-1497,-2021,-1902,-2226,-1667,-12842,-12842,-12844,-12845,-12845,-12845,-12846,-12847,-12845,-12845]} 1. d4 Nf6 2. c4 e6 3. Nc3 Bb4 4. Qc2 c5 5. dxc5 O-O 6. Nf3 Na6 {[%cal Bb8a6,Ba6c5,Bc5e4][%mdl 32]} 7. g3 Nxc5 8. Bg2 Nce4 9. O-O Nxc3 10. bxc3 Be7 11. e4 d6 12. e5 {E39: Nimzo-Indian: Classical: 4...c5 5 dxc5 0-0} dxe5 13. Nxe5 {LiveBook: 148 Games} Bd6 (13... Qc7 14. Qe2 Nd7 15. Bf4 Nxe5 16. Bxe5 Bd6 17. Rfe1 Rb8 18. Rad1 Bxe5 19. Qxe5 Qxe5 20. Rxe5 b6 21. c5 f6 22. cxb6 axb6 {1-0 (55) Navara,D (2730)-Caruana,F (2787) Wijk aan Zee 2016}) 14. Qe2 {[#] The position is equal.} Qe7 $146 (14... Qc7 $11 15. Bf4 Ne8) ({Predecessor:} 14... Qc7 15. Bf4 Ne8 16. c5 Qxc5 17. c4 Rb8 18. Rac1 b6 19. Rfd1 f6 {½-½ (41) Turkov,V (2532)-Vesely,P (2579) ICCF email 2012}) 15. Rb1 Rd8 (15... Qc7 $14 16. Bf4 Ne8) 16. Bf4 Ne8 17. Nd3 (17. Rfd1 $14) 17... Bxf4 $11 18. Nxf4 Qc7 19. Rfe1 h6 20. h4 Rb8 21. Qe5 Kf8 22. c5 Qxe5 23. Rxe5 Nc7 24. c6 {[%cal Rc6b7]} b6 25. Ne2 f6 26. Re3 Ba6 27. a4 (27. Re1 $15) 27... e5 $17 28. f4 Nd5 $36 {[%mdl 2048] Black is on the roll.} 29. Bxd5 Rxd5 30. c4 Rc5 31. fxe5 fxe5 32. Rf1+ Kg8 33. Rf5 Rxc6 ({Resist} 33... Rxc4 34. Rfxe5 Rxc6 35. Re7 $17) 34. Rexe5 Bxc4 35. Nd4 Rd6 36. Rf4 Rbd8 37. Nf3 Bd5 38. Re7 Rf8 39. Rxf8+ (39. Kf2 $17) 39... Kxf8 {[%mdl 4096] Endgame KRB-KRN} 40. Re3 Bc6 41. Ra3 Rd5 42. Kh2 Ra5 43. Rc3 Rc5 ({But not} 43... Bxa4 44. Rc7 $19) 44. Ra3 Rd5 45. g4 Ke7 46. Kg3 Kd6 47. g5 (47. h5 {was necessary.}) 47... hxg5 $19 48. Nxg5 Ra5 49. Rd3+ Ke5 50. Re3+ Kf5 51. Ne6 {Black should prevent Nd4+.} Kf6 ({Much less strong is} 51... Bxa4 52. Nxg7+ Kf6 53. Ne8+ Bxe8 54. Rxe8 $17) 52. Nf4 {White wants to play Re6+.} Bxa4 53. Re6+ Kf7 54. Rd6 Re5 55. h5 Be8 56. Kg4 $2 {[#]} (56. h6 {was forced.} gxh6 57. Rxh6) 56... Ke7 {Black is clearly winning.} 57. Rd2 Bf7 58. Rc2 {If only White now had time for Rc7+....} Kd6 59. Rd2+ Kc6 60. Rd8 a5 61. Rf8 Re7 62. Nd3 a4 63. Ra8 b5 64. Kg5 Kb7 65. Ra5 Kb6 66. Ra8 Rd7 (66... Re8 $142 67. Rxe8 Bxe8) 67. Nf4 Ra7 68. Rb8+ Ka5 69. Ne2 Bc4 70. Nd4 Rc7 71. h6 gxh6+ 72. Kxh6 b4 {[%cal Bb5b4,Bb4b3][%mdl 32]} 73. Kg5 a3 {[%cal Ba4a3,Ba3a2][%mdl 32]} 74. Kf4 b3 75. Ke3 a2 76. Ra8+ Kb4 77. Kd2 Rd7 {[#] ( -> ...b2)} 78. Ke3 Kc3 {Precision: White = 35%, Black = 77%.} 0-1

[Event "10th Mumbai Mayors Cup 2017"]
[Site "Mumbai"]
[Date "2017.06.11"]
[Round "10"]
[White "Sai Krishna G V"]
[Black "Deepan Chakkravarthy J"]
[Result "1-0"]
[WhiteElo "2339"]
[BlackElo "2480"]
[Annotator "TA"]
[PlyCount "95"]
[EventDate "2017.06.04"]
[EventType "swiss"]
[EventCountry "IND"]
[SourceTitle "playchess.com"]
[Source "ChessBase"]
[SourceQuality "1"]

{[%evp 14,95,47,45,43,14,27,0,2,16,18,16,31,-32,-28,-25,-23,-92,-86,-145,-147,-168,-99,-112,-80,-131,-68,-77,-77,-179,-128,-133,-35,-20,-41,-50,-58,-52,-26,-24,-20,-35,-20,-26,0,0,0,0,0,0,0,0,0,-4,-22,-118,-136,-288,-208,-222,-211,-581,-587,-541,-543,-492,-479,-448,0,0,1745,1441,1506,1753,1684,1502,10386,11429,10068,10655,1770,1739,1315,1376]} 1. e4 c5 2. Nf3 e6 3. d4 cxd4 4. Nxd4 a6 5. Bd3 Bc5 6. Nb3 Be7 7. O-O d6 8. f4 Nd7 {B42: Sicilian: Kan Variation: 5 Bd3} 9. Qe1 (9. Qf3 Ngf6 10. Be3 Qc7 11. c4 b6 12. Nc3 Bb7 13. a4 Nc5 14. Nxc5 bxc5 15. Qg3 g6 16. Rae1 {0-1 (57) Tomczak,J (2539)-Rublevsky,S (2678) Warsaw 2010}) 9... Ngf6 10. Nc3 Qc7 {The position is equal.} 11. a4 b6 12. Qg3 g6 13. e5 $146 (13. Be3 $14) 13... dxe5 $15 14. fxe5 Nh5 $1 {[%cal Rh5g3]} 15. Qf3 (15. Qf2 $11 Nxe5 16. Be2) 15... O-O $1 $17 16. Bh6 (16. Qf2 $142) 16... Nxe5 17. Qe2 Nxd3 (17... f5 $1 $19 {...Ng4! is the strong threat.} 18. Bxf8 Bxf8) 18. cxd3 (18. Bxf8 $2 Ndf4 $19) 18... Bd6 19. g4 (19. g3 $142) 19... Ng7 (19... Nf4 $17 20. Qe3 e5) 20. Rac1 Qd8 21. g5 (21. Ne4 $17 f5 22. Nxd6 Qxd6 23. Qe3) 21... Bb7 (21... Nf5 $19 22. Ne4 Nxh6 23. Nf6+ Kh8) 22. Ne4 Be7 (22... Nf5 $17 23. Nf6+ Kh8 24. Bxf8 Bxf8) 23. Nf6+ $1 $15 Bxf6 $1 24. gxf6 Nf5 25. Bxf8 Qxf8 26. Rc7 Bd5 27. Nd2 $1 Qd6 28. Rfc1 h5 29. Ne4 Bxe4 30. Qxe4 Rf8 31. R1c3 a5 32. Rc8 Rxc8 33. Rxc8+ $11 {[%mdl 4096] Endgame KQR-KQN} Kh7 34. d4 (34. Kh1 $11) 34... Nxd4 $17 35. Qb7 $2 (35. Qa8 $17 {was worth a try.} g5 36. Rg8 (36. Rh8+ $2 Kg6 $19)) 35... Qf4 {Threatens to win with ...Qe3+.} 36. Qxf7+ Kh6 37. Rc3 $2 (37. Qg7+ Kg5 38. h4+ Qxh4 39. Qb7) 37... Ne2+ $19 38. Kg2 Qe4+ 39. Kf2 {Black must now prevent Qg7+.} Nf4 {( -> ...Qe2+)} (39... Nxc3 $2 40. bxc3 Kg5 41. Qe7 $19) 40. h4 {[%csl Gf6][%cal Rf7g7] [#]} Qg2+ $2 ({Black should play} 40... Qe2+ $1 $19 41. Kg3 Qg4+ 42. Kf2 Qe2+ 43. Kg3 Qg4+ 44. Kf2 Qxh4+ 45. Ke3 (45. Rg3 $2 Qh2+ 46. Kf1 Qxg3 $19) 45... Kg5) 41. Ke3 $11 {[%csl Gf6][%cal Rf7g7]} Nd5+ $2 {[%mdl 8192] [#]} (41... Qe2+ $11 42. Kxf4 Qd2+ 43. Re3 Qf2+ 44. Ke4 Qc2+ 45. Kf3 Qf5+ 46. Kg2 Qg4+ 47. Kf1 Qd1+ 48. Kf2 Qd2+ 49. Kf3 Qd1+ 50. Kf2 Qd2+ 51. Kf3 Qd1+ 52. Kf2) 42. Kd4 $1 $18 {[%csl Gf6][%cal Rf7g7] White is clearly winning.} Qg4+ 43. Ke5 {[%csl Gf6][%cal Rf7g7]} Qf5+ 44. Kd6 {[%csl Gf6][%cal Rf7g7]} Qf4+ 45. Kxe6 {[%csl Gf6][%cal Rf7g7]} Qf5+ 46. Kd6 {[%csl Gf6][%cal Rf7g7]} Qxf6+ 47. Qxf6 Nxf6 48. Rb3 {Precision: White = 43%, Black = 69%.} 1-0

[Event "10th Mumbai Mayors Cup 2017"]
[Site "Mumbai"]
[Date "2017.06.11"]
[Round "10"]
[White "Rathanvel, V S"]
[Black "Mollah Abdullah, Al Rakib"]
[Result "1/2-1/2"]
[WhiteElo "2332"]
[BlackElo "2484"]
[Annotator "TA"]
[PlyCount "31"]
[EventDate "2017.06.04"]
[EventType "swiss"]
[EventCountry "IND"]
[SourceTitle "playchess.com"]
[Source "ChessBase"]
[SourceQuality "1"]

{[%evp 23,31,-22,-18,-22,0,0,-14,-8,0,-4]} 1. e4 e5 2. Nf3 Nc6 3. Bb5 a6 4. Bxc6 dxc6 5. O-O Bd6 6. d4 exd4 7. Qxd4 f6 8. Be3 Ne7 9. Nbd2 Be6 10. Rad1 Ng6 {C68: Ruy Lopez: Exchange Variation, sidelines} 11. Nc4 (11. Qc3 Qe7 12. Nd4 Bb4 13. Qd3 Ne5 14. Qe2 O-O-O 15. Nxe6 Qxe6 16. a3 Bxd2 17. Bxd2 Nc4 18. Bc1 Rxd1 19. Rxd1 {½-½ (36) Guseinov,G (2634)-Khairullin,I (2652) Skopje 2015}) 11... Bxc4 12. Qxc4 Qe7 $1 {LiveBook: 26 Games. The position is equal.} 13. Rd4 Qf7 $146 ({Predecessor:} 13... c5 14. Rd5 b5 15. Qd3 c4 16. Qd4 O-O 17. Rd1 Qd8 18. Qd2 {½-½ (18) Denzin,M-Hanison,B ICCF corr 1999}) 14. Qxf7+ Kxf7 15. Nd2 c5 16. Rd3 1/2-1/2